000 01144nam0a22002891 4500
001 v19\rc\1889330
005 20260407062655.0
035 _a(NLR Aleph) 005264309
090 _a5933401
_c5933401
100 _a20080221d1910 |||y0rusy50 ca
101 0 _arus
102 _aRU
105 _ay z |||||
200 1 _aБлижняя дума царя Феодора Ивановича
210 _aМосква
_cСинод. тип.
_d1910
215 _a74 с.
_d23
300 _aВ конце текста: Г.С.Ш.; установлен по изд.: Масанов И.Ф. Словарь псевдонимов... М., 1956. Т. 1. С. 266
700 1 _8rus
_7ca
_aШереметев
_bС. Д.
_f1844-1918
_gСергей Дмитриевич
_3RU\NLR\AUTH\7742671
_925614
702 0 _4570
_8rus
_7ca
_aФедор Иванович
_cцарь русский
_f1557-1598
_3RU\NLR\AUTH\7712893
_9122603
801 0 _aRU
_bNLR
_c20080221
_gpsbo
801 0 _aRU
_bRuMoRGB
_c20080221
_2psbo
801 1 _aRU
_bProSoft-M
_c20080221
_2rusmarc
801 2 _aRU
_bNLR
_c20111011
_2rusmarc
852 _aNLR
_j37.16.7.13
942 _cBOOK
980 _aNB